[Event "Budapest-chT1 Lilienthal 1213"]
[Site "Budapest"]
[Date "2013.04.14"]
[Round "10"]
[White "Zsipi, Alex Mark"]
[Black "Zoltan, Andras"]
[Result "1/2-1/2"]
[WhiteElo "1887"]
[BlackElo "1943"]
[PlyCount "32"]
[EventDate "2012.09.30"]
[EventType "team-tourn"]
[EventRounds "11"]
[EventCountry "HUN"]
[SourceTitle "EXT 2019"]
[Source "ChessBase"]
[SourceDate "2018.10.10"]
[SourceVersion "1"]
[SourceVersionDate "2018.10.10"]
[SourceQuality "1"]
[WhiteTeam "Barcza GSC"]
[BlackTeam "Budapest Honved"]
[WhiteTeamCountry "HUN"]
[BlackTeamCountry "HUN"]

1. e4 e5 2. Nf3 Nc6 3. Nc3 Nf6 4. Bb5 Nd4 5. Ba4 Bc5 6. d3 Nxf3+ 7. Qxf3 c6 8. Bg5 Be7 9. Bb3 h6 10. Bh4 d6 11. h3 0-0 12. 0-0-0 Be6 13. g4 Bxb3 14. axb3 Nh7 15. Bxe7 Qxe7 16. h4 Qf6 1/2-1/2

[Event "Budapest-chT1 Lilienthal 1213"]
[Site "Budapest"]
[Date "2013.02.24"]
[Round "8"]
[White "Zsipi, Alex Mark"]
[Black "Nagy, Geza"]
[Result "1-0"]
[WhiteElo "1887"]
[BlackElo "1718"]
[PlyCount "111"]
[EventDate "2012.09.30"]
[EventType "team-tourn"]
[EventRounds "11"]
[EventCountry "HUN"]
[SourceTitle "EXT 2019"]
[Source "ChessBase"]
[SourceDate "2018.10.10"]
[SourceVersion "1"]
[SourceVersionDate "2018.10.10"]
[SourceQuality "1"]
[WhiteTeam "Barcza GSC"]
[BlackTeam "Budapest SENSE"]
[WhiteTeamCountry "HUN"]
[BlackTeamCountry "HUN"]

1. e4 d5 2. exd5 Qxd5 3. Nc3 Qa5 4. d4 Bf5 5. Nf3 e6 6. Bd2 c6 7. Nh4 Bg6 8. Nxg6 hxg6 9. Bd3 Nf6 10. Qe2 Nbd7 11. Ne4 Qc7 12. Ng5 Rxh2 13. 0-0-0 Rxh1 14. Rxh1 Nb6 15. Bxg6 fxg6 16. Nxe6 Qe7 17. Nc7+ Kd7 18. Qxe7+ Bxe7 19. Nxa8 Nxa8 20. Rh8 Ne8 21. Rh3 Nac7 22. Rg3 Ne6 23. Rxg6 Nxd4 24. Kd1 Bf6 25. c3 Nf5 26. Rg4 Ned6 27. Ra4 a6 28. g4 Ne7 29. g5 Nd5 30. gxf6 gxf6 31. Rh4 Ke6 32. c4 Ne7 33. Bb4 Nef5 34. Rf4 Ke5 35. Bxd6+ Nxd6 36. Rh4 Ne4 37. Ke2 b5 38. cxb5 axb5 39. Ke3 Nd6 40. Rh5+ f5 41. b3 c5 42. Rh4 Ne4 43. a4 bxa4 44. bxa4 Nc3 45. a5 Kd6 46. Rh6+ Kc7 47. Kf4 Ne4 48. f3 Nd2 49. Rh2 Nb3 50. Rc2 Kc6 51. a6 Kb6 52. Ra2 Ka7 53. Kxf5 c4 54. Kg6 Nc5 55. f4 Nxa6 56. Rc2 1-0

[Event "Budapest-chT1 Lilienthal 1213"]
[Site "Budapest"]
[Date "2012.12.09"]
[Round "5"]
[White "Zsipi, Alex Mark"]
[Black "Farkas, Akos"]
[Result "1/2-1/2"]
[WhiteElo "1887"]
[BlackElo "1838"]
[PlyCount "44"]
[EventDate "2012.09.30"]
[EventType "team-tourn"]
[EventRounds "11"]
[EventCountry "HUN"]
[SourceTitle "EXT 2019"]
[Source "ChessBase"]
[SourceDate "2018.10.10"]
[SourceVersion "1"]
[SourceVersionDate "2018.10.10"]
[SourceQuality "1"]
[WhiteTeam "Barcza GSC"]
[BlackTeam "Sarkany II"]
[WhiteTeamCountry "HUN"]
[BlackTeamCountry "HUN"]

1. e4 c5 2. Nf3 d6 3. d4 cxd4 4. Nxd4 Nf6 5. Nc3 a6 6. Be3 Ng4 7. Bg5 h6 8. Bh4 g5 9. Bg3 Nc6 10. Be2 h5 11. h3 Nge5 12. Qd2 h4 13. Bxe5 dxe5 14. Nxc6 Qxd2+ 15. Kxd2 bxc6 16. Rad1 e6 17. Kc1 Bc5 18. f3 0-0 19. Na4 Be3+ 20. Kb1 Rb8 21. Rd6 Bb7 22. Rhd1 Kh7 1/2-1/2

[Event "HUN-chT U18"]
[Site "Budapest"]
[Date "2012.10.28"]
[Round "1.13"]
[White "Zsipi, Alex Mark"]
[Black "Vitalyos, Marton"]
[Result "0-1"]
[WhiteElo "1887"]
[BlackElo "1959"]
[PlyCount "54"]
[EventDate "2012.10.28"]
[EventType "team-swiss"]
[EventRounds "8"]
[EventCountry "HUN"]
[SourceTitle "EXT 2020"]
[Source "ChessBase"]
[SourceDate "2019.10.17"]
[SourceVersion "1"]
[SourceVersionDate "2019.10.17"]
[SourceQuality "1"]

1. e4 c5 2. Nf3 Nc6 3. d4 cxd4 4. Nxd4 Qb6 5. Nb3 Nf6 6. Nc3 e6 7. Be3 Qd8 8. Be2 Bb4 9. 0-0 Bxc3 10. bxc3 Nxe4 11. Bd3 Nf6 12. c4 Ne5 13. c5 Nxd3 14. Qxd3 Nd5 15. Bd4 f6 16. Qg3 0-0 17. c4 Nb4 18. Bc3 Na6 19. Rad1 Qc7 20. Qe3 b6 21. cxb6 axb6 22. Bd4 Nb4 23. Bxb6 Qxc4 24. Qc5 Ba6 25. Rfe1 Rfc8 26. Qe7 Nd5 27. Qd6 Rc6 0-1

[Event "HUN-ch U18"]
[Site "Balatonlelle"]
[Date "2012.06.29"]
[Round "8"]
[White "Odor, Istvan"]
[Black "Zsipi, Alex Mark"]
[Result "1-0"]
[WhiteElo "2075"]
[BlackElo "1898"]
[PlyCount "69"]
[EventDate "2012.06.22"]
[EventType "tourn"]
[EventRounds "9"]
[EventCountry "HUN"]
[SourceTitle "EXT 2014"]
[Source "ChessBase"]
[SourceDate "2013.11.20"]
[SourceVersion "1"]
[SourceVersionDate "2013.11.20"]
[SourceQuality "1"]

1. e4 c6 2. d4 d5 3. Nc3 dxe4 4. Nxe4 Bf5 5. Ng3 Bg6 6. h4 h6 7. Nf3 Nd7 8. h5 Bh7 9. Bd3 Bxd3 10. Qxd3 e6 11. Bf4 Qa5+ 12. Bd2 Qc7 13. 0-0-0 Ngf6 14. Ne4 Nxe4 15. Qxe4 Nf6 16. Qe2 0-0-0 17. g3 Bd6 18. c4 c5 19. Bc3 a6 20. Kb1 Kb8 21. Rc1 Ka8 22. Rh4 Rhe8 23. Ka1 cxd4 24. Nxd4 Rc8 25. Nb3 e5 26. c5 Bxc5 27. Ba5 Qd6 28. Rhc4 b6 29. Bxb6 Qxb6 30. Nxc5 Rc6 31. Qc2 Rd6 32. Nxa6 Red8 33. Rb4 Qc6 34. Nc7+ Ka7 35. Nb5+ 1-0

[Event "HUN-ch U18"]
[Site "Balatonlelle"]
[Date "2012.06.27"]
[Round "6"]
[White "Zsipi, Alex Mark"]
[Black "Straubinger, Daniel"]
[Result "0-1"]
[WhiteElo "1898"]
[BlackElo "2226"]
[PlyCount "54"]
[EventDate "2012.06.22"]
[EventType "tourn"]
[EventRounds "9"]
[EventCountry "HUN"]
[SourceTitle "EXT 2014"]
[Source "ChessBase"]
[SourceDate "2013.11.20"]
[SourceVersion "1"]
[SourceVersionDate "2013.11.20"]
[SourceQuality "1"]

1. e4 e5 2. Nf3 Nc6 3. Nc3 Nf6 4. Bb5 Nd4 5. Ba4 Bc5 6. 0-0 0-0 7. d3 d6 8. h3 c6 9. Bg5 a5 10. a3 h6 11. Bxf6 Qxf6 12. Nxd4 Bxd4 13. Bb3 Kh7 14. Ne2 Bxb2 15. Ra2 Bd4 16. Nxd4 exd4 17. f4 a4 18. e5 Qh4 19. Bxa4 Rxa4 20. c3 b5 21. c4 dxe5 22. fxe5 Qg5 23. Re2 Be6 24. Re4 Rxa3 25. cxb5 cxb5 26. h4 Qg3 27. Rf3 Qg6 0-1

[Event "HUN-ch U18"]
[Site "Balatonlelle"]
[Date "2012.06.24"]
[Round "3"]
[White "Horvath, David G"]
[Black "Zsipi, Alex Mark"]
[Result "1-0"]
[WhiteElo "2420"]
[BlackElo "1898"]
[PlyCount "47"]
[EventDate "2012.06.22"]
[EventType "tourn"]
[EventRounds "9"]
[EventCountry "HUN"]
[SourceTitle "EXT 2014"]
[Source "ChessBase"]
[SourceDate "2013.11.20"]
[SourceVersion "1"]
[SourceVersionDate "2013.11.20"]
[SourceQuality "1"]

1. d4 d5 2. c4 c6 3. Nf3 Nf6 4. Nc3 dxc4 5. a4 Bf5 6. e3 e6 7. Bxc4 Bd6 8. 0-0 0-0 9. Re1 Ne4 10. Bd3 Nxc3 11. bxc3 Bxd3 12. Qxd3 Nd7 13. e4 e5 14. Rd1 Bc7 15. Rb1 b6 16. Qc4 Qf6 17. d5 Nc5 18. Ba3 cxd5 19. Rxd5 Rac8 20. Bxc5 bxc5 21. Rxc5 Rb8 22. Rxb8 Rxb8 23. Rb5 Bb6 24. a5 1-0

[Event "HUN-ch U18"]
[Site "Balatonlelle"]
[Date "2012.06.22"]
[Round "1"]
[White "Makk, Robert"]
[Black "Zsipi, Alex Mark"]
[Result "1/2-1/2"]
[WhiteElo "2236"]
[BlackElo "1898"]
[PlyCount "147"]
[EventDate "2012.06.22"]
[EventType "tourn"]
[EventRounds "9"]
[EventCountry "HUN"]
[SourceTitle "EXT 2014"]
[Source "ChessBase"]
[SourceDate "2013.11.20"]
[SourceVersion "1"]
[SourceVersionDate "2013.11.20"]
[SourceQuality "1"]

1. e4 c6 2. d4 d5 3. Nc3 dxe4 4. Nxe4 Bf5 5. Ng3 Bg6 6. h4 h6 7. Nf3 Nd7 8. h5 Bh7 9. Bd3 Bxd3 10. Qxd3 e6 11. Bf4 Qa5+ 12. Bd2 Qc7 13. 0-0-0 Ngf6 14. Ne4 Nxe4 15. Qxe4 Nf6 16. Qe2 0-0-0 17. g3 Bd6 18. c4 c5 19. Bc3 Kb8 20. dxc5 Qxc5 21. Ne5 Bxe5 22. Bxe5+ Kc8 23. f4 Rxd1+ 24. Rxd1 Rd8 25. Rxd8+ Kxd8 26. Kc2 Kc8 27. a3 Qc6 28. Kd3 Qh1 29. Bxf6 gxf6 30. Kc3 Qc1+ 31. Kb3 Qg1 32. Qf3 Qb6+ 33. Ka2 Qd4 34. Kb3 Qb6+ 35. Kc2 Qc5 36. Kc3 Qa5+ 37. Kd3 Qf5+ 38. Kd2 Qc5 39. Kc3 Qa5+ 40. Kb3 Qb6+ 41. Ka2 Qd4 42. Qb3 Qc5 43. g4 Qd4 44. Qb4 Qxf4 45. Qf8+ Kd7 46. Qxf7+ Kd6 47. Qf8+ Kd7 48. Qb4 b6 49. Qa4+ Kd8 50. Qc6 Qxg4 51. Qa8+ Ke7 52. Qxa7+ Kf8 53. Qb8+ Kg7 54. Qc7+ Kg8 55. a4 f5 56. Qxb6 Qxc4+ 57. Qb3 Qa6 58. Qb5 Qa8 59. a5 f4 60. a6 f3 61. Qb7 Qf8 62. a7 f2 63. Qg2+ Kh8 64. a8Q f1Q 65. Qxf8+ Qxf8 66. Qg6 Qa8+ 67. Kb1 Qh1+ 68. Kc2 Qc6+ 69. Kd3 Qd5+ 70. Ke2 Qe5+ 71. Kd2 Qxb2+ 72. Kd1 Qd4+ 73. Ke2 Qe5+ 74. Kd1 1/2-1/2

[Event "Budapest-chT1 Lilienthal 1112"]
[Site "Budapest"]
[Date "2012.04.29"]
[Round "11"]
[White "Zsipi, Alex Mark"]
[Black "Bodo, Lajos Geza"]
[Result "1-0"]
[WhiteElo "1888"]
[BlackElo "1616"]
[PlyCount "39"]
[EventDate "2011.10.02"]
[EventType "team-tourn"]
[EventRounds "11"]
[EventCountry "HUN"]
[SourceTitle "EXT 2020"]
[Source "ChessBase"]
[SourceDate "2019.10.17"]
[SourceVersion "1"]
[SourceVersionDate "2019.10.17"]
[SourceQuality "1"]
[WhiteTeam "Budapest EAC III"]
[BlackTeam "Budapest Ujpest KSE"]
[WhiteTeamCountry "HUN"]
[BlackTeamCountry "HUN"]

1. e4 c5 2. Nf3 Nc6 3. d4 cxd4 4. Nxd4 e6 5. Be3 Nf6 6. Bd3 a6 7. 0-0 Be7 8. Nc3 0-0 9. f4 d6 10. Kh1 e5 11. Nxc6 bxc6 12. fxe5 dxe5 13. Bc4 Qxd1 14. Raxd1 Bg4 15. Rd3 Bb4 16. Bg5 Bxc3 17. Bxf6 Be2 18. Rg3 Bxc4 19. Rxg7+ Kh8 20. Rg6# 1-0

[Event "HUN-chT2 Breyer 1112"]
[Site "Hungary"]
[Date "2011.09.26"]
[Round "1.12"]
[White "Kovacs, Milan"]
[Black "Zsipi, Alex Mark"]
[Result "0-1"]
[WhiteElo "2037"]
[BlackElo "1888"]
[PlyCount "110"]
[EventDate "2011.09.25"]
[EventType "team-tourn"]
[EventRounds "11"]
[EventCountry "HUN"]
[SourceTitle "EXT 2013"]
[Source "ChessBase"]
[SourceDate "2012.11.22"]
[SourceVersion "1"]
[SourceVersionDate "2012.11.22"]
[SourceQuality "1"]
[WhiteTeam "Kisber Aszar"]
[BlackTeam "BEAC II"]
[WhiteTeamCountry "HUN"]
[BlackTeamCountry "HUN"]

1. e4 c6 2. d4 d5 3. e5 Bf5 4. Bd3 Bxd3 5. Qxd3 e6 6. Nc3 c5 7. dxc5 Bxc5 8. Qb5+ Nd7 9. Nf3 Qb6 10. Qxb6 Bxb6 11. Nb5 Ke7 12. b3 Rc8 13. Ba3+ Bc5 14. Nxa7 Ra8 15. Bxc5+ Nxc5 16. Nb5 Nd7 17. 0-0 Nh6 18. a4 Rac8 19. Rac1 Rc5 20. Nd6 Nxe5 21. Nxe5 Kxd6 22. f4 f6 23. Nd3 Rc3 24. Nb4 Rhc8 25. Rce1 Nf5 26. Rf2 Nd4 27. Kf1 Nxc2 28. Nxc2 Rxc2 29. Rf3 R8c3 30. Ree3 d4 31. Rd3 Kd5 32. h3 Rxd3 33. Rxd3 Ke4 34. Rd1 Rc3 35. Kf2 Rxb3 36. Re1+ Re3 37. Rb1 Ra3 38. Re1+ Kf5 39. Rb1 Rxa4 40. Rxb7 Kxf4 41. Rxg7 Ra2+ 42. Kf1 Ke3 43. Rg3+ Kd2 44. Rf3 Ra1+ 45. Kf2 f5 46. g4 fxg4 47. hxg4 e5 48. g5 e4 49. Rf4 e3+ 50. Kg2 d3 51. g6 hxg6 52. Rf6 e2 53. Rf2 Rf1 54. Rxf1 exf1Q+ 55. Kxf1 Kc2 0-1

[Event "Dunaujvaros op"]
[Site "Dunaujvaros"]
[Date "2011.03.14"]
[Round "6"]
[White "Ragyelik, Andras"]
[Black "Zsipi, Alex Mark"]
[Result "1/2-1/2"]
[WhiteElo "1766"]
[BlackElo "1916"]
[PlyCount "48"]
[EventDate "2011.03.12"]
[EventType "swiss"]
[EventRounds "7"]
[EventCountry "HUN"]
[SourceTitle "CBM 141 Extra"]
[Source "ChessBase"]
[SourceDate "2011.05.03"]
[SourceVersion "1"]
[SourceVersionDate "2011.05.03"]
[SourceQuality "1"]

1. e4 c6 2. d4 d5 3. Nc3 dxe4 4. Nxe4 Bf5 5. Ng3 Bg6 6. b3 e6 7. Bb2 Nf6 8. Bd3 Bxd3 9. Qxd3 Nbd7 10. Nf3 Bd6 11. c4 Qc7 12. 0-0 0-0-0 13. Ne4 Nxe4 14. Qxe4 Nf6 15. Qe2 Ng4 16. Ne5 Nxe5 17. dxe5 Bc5 18. Rfd1 Rxd1+ 19. Rxd1 Rd8 20. Kf1 Rxd1+ 21. Qxd1 Qd7 22. Qxd7+ Kxd7 23. Ke2 b5 24. f3 bxc4 1/2-1/2

[Event "Dunaujvaros op"]
[Site "Dunaujvaros"]
[Date "2011.03.13"]
[Round "4"]
[White "Zsipi, Alex Mark"]
[Black "Antal, Tibor Kende"]
[Result "1/2-1/2"]
[WhiteElo "1916"]
[BlackElo "2231"]
[PlyCount "130"]
[EventDate "2011.03.12"]
[EventType "swiss"]
[EventRounds "7"]
[EventCountry "HUN"]
[SourceTitle "CBM 141 Extra"]
[Source "ChessBase"]
[SourceDate "2011.05.03"]
[SourceVersion "1"]
[SourceVersionDate "2011.05.03"]
[SourceQuality "1"]

1. e4 c5 2. Nf3 d6 3. d4 cxd4 4. Nxd4 Nf6 5. Nc3 a6 6. Be3 e5 7. Nf3 Be7 8. Bc4 0-0 9. 0-0 Nbd7 10. Bb3 Qc7 11. Qe2 b5 12. a4 b4 13. Nd5 Nxd5 14. Bxd5 Bb7 15. Bxb7 Qxb7 16. Bg5 Bxg5 17. Nxg5 Nc5 18. f3 Qb6 19. Kh1 h6 20. Nh3 Ne6 21. Qf2 Qc6 22. Qd2 Nd4 23. Rfc1 a5 24. Nf4 Nxf3 25. gxf3 exf4 26. Qxf4 f5 27. c3 fxe4 28. Qxe4 Qxe4 29. fxe4 b3 30. Ra3 Rab8 31. Kg2 Rf4 32. Re1 Kf7 33. Rf1 Rxf1 34. Kxf1 Ke6 35. Ke2 Ke5 36. Ke3 g5 37. Ra1 Rf8 38. Rd1 Ke6 39. Rd5 Rf1 40. Rb5 Rh1 41. Rxb3 Rxh2 42. Rb5 g4 43. Kf4 h5 44. Rxa5 Rf2+ 45. Kg3 Rf3+ 46. Kg2 h4 47. Rg5 h3+ 48. Kh2 Rf2+ 49. Kh1 Rf4 50. a5 Rxe4 51. a6 Re1+ 52. Kh2 Re2+ 53. Kh1 Rxb2 54. Rxg4 Ra2 55. Rg3 Rxa6 56. Rxh3 Kd5 57. Rh4 Kc5 58. Kg2 Ra3 59. Rh3 Kc4 60. Rh6 Ra6 61. Rh3 d5 62. Kf2 Ra3 63. Rh4+ Kb3 64. Ke2 Ra1 65. Rd4 Ra5 1/2-1/2

[Event "Budapest Karacsonyi op 2nd"]
[Site "Budapest"]
[Date "2010.12.28"]
[Round "3"]
[White "Zsipi, Alex Mark"]
[Black "Dal Bianco, Nicola"]
[Result "0-1"]
[WhiteElo "1923"]
[BlackElo "1605"]
[PlyCount "116"]
[EventDate "2010.12.27"]
[EventType "swiss"]
[EventRounds "7"]
[EventCountry "HUN"]
[SourceTitle "EXT 2022"]
[Source "ChessBase"]
[SourceDate "2021.10.06"]
[SourceVersion "1"]
[SourceVersionDate "2021.10.06"]
[SourceQuality "1"]

1. e4 c5 2. Nf3 Nc6 3. d4 cxd4 4. Nxd4 e6 5. Be3 Nf6 6. Nc3 Bb4 7. Ndb5 d5 8. exd5 Nxd5 9. Bd2 a6 10. Nxd5 exd5 11. Bxb4 Nxb4 12. Nd4 0-0 13. Be2 Qg5 14. 0-0 Bh3 15. Bf3 Be6 16. Re1 Rae8 17. c3 Nc6 18. Nxc6 bxc6 19. Qa4 Qd2 20. Re2 Qd3 21. Qxc6 Bd7 22. Qxd7 Rxe2 23. Bxe2 Qxe2 24. Qb7 Re8 25. Rf1 Qc4 26. Qb3 Qc6 27. h3 h6 28. Rd1 Rd8 29. c4 d4 30. Qd3 Qb6 31. b3 g6 32. Qd2 Kg7 33. Qf4 f5 34. Qe5+ Kf7 35. c5 Qe6 36. Qc7+ Rd7 37. Qb6 Qe2 38. Rf1 d3 39. c6 Qxf1+ 40. Kxf1 d2 41. g3 d1Q+ 42. Kg2 Qd5+ 43. Kh2 Qd6 44. Qxa6 Rc7 45. Qc4+ Qe6 46. Qf4 Rxc6 47. Qxh6 Rc2 48. Qh7+ Ke8 49. Qh8+ Kd7 50. Qd4+ Qd6 51. Qa7+ Ke6 52. Qe3+ Qe5 53. Qb6+ Kd5 54. Qa5+ Kd4 55. Qd8+ Kc3 56. Qb6 Qd4 57. Qxd4+ Kxd4 58. Kg2 Rxa2 0-1

[Event "Budapest-chT1 Lilienthal 1011"]
[Site "Budapest"]
[Date "2010.11.28"]
[Round "5"]
[White "Domschitz, Lajos"]
[Black "Zsipi, Alex Mark"]
[Result "1-0"]
[WhiteElo "2005"]
[BlackElo "1917"]
[PlyCount "125"]
[EventDate "2010.09.19"]
[EventType "team-tourn"]
[EventRounds "11"]
[EventCountry "HUN"]
[SourceTitle "EXT 2020"]
[Source "ChessBase"]
[SourceDate "2019.10.17"]
[SourceVersion "1"]
[SourceVersionDate "2019.10.17"]
[SourceQuality "1"]
[WhiteTeam "Penzugyor III"]
[BlackTeam "Budapest EAC III"]
[WhiteTeamCountry "HUN"]
[BlackTeamCountry "HUN"]

1. e4 c6 2. d4 d5 3. e5 Bf5 4. Ne2 e6 5. Ng3 Bg6 6. h4 h6 7. h5 Bh7 8. Bd3 Bxd3 9. cxd3 Qb6 10. Qg4 Qb4+ 11. Nc3 Nd7 12. Qf4 c5 13. dxc5 Nxc5 14. Ke2 Qxf4 15. Bxf4 a6 16. Be3 Nd7 17. f4 Ne7 18. Rac1 Nc6 19. d4 Nb6 20. b3 Ba3 21. Rb1 Rc8 22. Rhd1 Nxe5 23. dxe5 Rxc3 24. Bxb6 Rxg3 25. b4 Rxg2+ 26. Bf2 a5 27. bxa5 Bc5 28. Rf1 0-0 29. Rxb7 Ra8 30. Rb5 Rc8 31. Rb2 Bd4 32. Kf3 Rxf2+ 33. Rfxf2 Rc3+ 34. Kg2 Bxf2 35. Kxf2 Ra3 36. Rb8+ Kh7 37. Rb7 Rxa2+ 38. Kg3 Ra3+ 39. Kg4 Rxa5 40. Rxf7 d4 41. Rd7 Ra4 42. Rd6 d3 43. Rxd3 g5 44. hxg6+ Kxg6 45. Rd8 h5+ 46. Kg3 Ra3+ 47. Kh4 Kf5 48. Rf8+ Ke4 49. Kxh5 Rf3 50. Kg5 Rf1 51. Ra8 Kd5 52. Ra6 Rf2 53. Rd6+ Ke4 54. Ra6 Kd5 55. Ra5+ Ke4 56. Ra7 Kd5 57. Ra5+ Ke4 58. Kf6 Kxf4 59. Kxe6 Kg5 60. Ra1 Rb2 61. Rg1+ Kf4 62. Kf6 Ke4 63. e6 1-0

[Event "HUN-chT2 Erkel 1011"]
[Site "Hungary"]
[Date "2010.11.21"]
[Round "6.11"]
[White "Karpati, Bank"]
[Black "Zsipi, Alex Mark"]
[Result "1/2-1/2"]
[WhiteElo "1766"]
[BlackElo "1917"]
[PlyCount "62"]
[EventDate "2010.09.12"]
[EventType "team-tourn"]
[EventRounds "11"]
[EventCountry "HUN"]
[SourceTitle "EXT 2012"]
[Source "ChessBase"]
[SourceDate "2011.11.24"]
[SourceVersion "1"]
[SourceVersionDate "2011.11.24"]
[SourceQuality "1"]
[WhiteTeam "Foti"]
[BlackTeam "Barcza"]
[WhiteTeamCountry "HUN"]
[BlackTeamCountry "HUN"]

1. d4 d5 2. c4 c6 3. Nc3 Nf6 4. e3 Bf5 5. cxd5 Nxd5 6. Nf3 e6 7. Nxd5 exd5 8. Be2 Bd6 9. 0-0 0-0 10. Bd2 Nd7 11. a3 h6 12. b4 Nf6 13. Qb3 a6 14. Rfc1 Ne4 15. h3 Ng5 16. a4 Be4 17. Qd1 Bxf3 18. Bxf3 Bc7 19. b5 axb5 20. axb5 Rxa1 21. Rxa1 Qd6 22. Kf1 Qh2 23. Rc1 Ra8 24. bxc6 bxc6 25. Rxc6 Nxf3 26. Qxf3 Qh1+ 27. Ke2 Ra1 28. Qxd5 Qf1+ 29. Kf3 Qd1+ 30. Ke4 Qb1+ 31. Kf3 Qd1+ 1/2-1/2

[Event "Budapest-chT1 Lilienthal 1011"]
[Site "Budapest"]
[Date "2010.11.14"]
[Round "4"]
[White "Zsipi, Alex Mark"]
[Black "Simon, Tamas"]
[Result "1-0"]
[WhiteElo "1917"]
[BlackElo "1795"]
[PlyCount "47"]
[EventDate "2010.09.19"]
[EventType "team-tourn"]
[EventRounds "11"]
[EventCountry "HUN"]
[SourceTitle "EXT 2020"]
[Source "ChessBase"]
[SourceDate "2019.10.17"]
[SourceVersion "1"]
[SourceVersionDate "2019.10.17"]
[SourceQuality "1"]
[WhiteTeam "Budapest EAC III"]
[BlackTeam "Csepel"]
[WhiteTeamCountry "HUN"]
[BlackTeamCountry "HUN"]

1. e4 e6 2. d4 d5 3. Nd2 c5 4. exd5 exd5 5. dxc5 Bxc5 6. Nb3 Be7 7. Nf3 Nf6 8. h3 0-0 9. Bd3 Re8 10. 0-0 Nc6 11. c3 Be6 12. Nbd4 Bd6 13. Nf5 Bc7 14. Bg5 Qd7 15. Nh6+ gxh6 16. Bxf6 Bxh3 17. Ng5 hxg5 18. Qh5 Bh2+ 19. Kh1 Bxg2+ 20. Kxg2 h6 21. Qxh2 d4 22. f3 g4 23. Qxh6 gxf3+ 24. Kh1 1-0

[Event "HUN-chT2 Erkel 1011"]
[Site "Hungary"]
[Date "2010.11.07"]
[Round "5.11"]
[White "Kovacs, Gabor2222"]
[Black "Zsipi, Alex Mark"]
[Result "1/2-1/2"]
[WhiteElo "2042"]
[BlackElo "1917"]
[PlyCount "75"]
[EventDate "2010.09.12"]
[EventType "team-tourn"]
[EventRounds "11"]
[EventCountry "HUN"]
[SourceTitle "EXT 2012"]
[Source "ChessBase"]
[SourceDate "2011.11.24"]
[SourceVersion "1"]
[SourceVersionDate "2011.11.24"]
[SourceQuality "1"]
[WhiteTeam "Toth Laszlo"]
[BlackTeam "Barcza"]
[WhiteTeamCountry "HUN"]
[BlackTeamCountry "HUN"]

1. e4 c6 2. d4 d5 3. e5 Bf5 4. Nf3 e6 5. Be2 c5 6. 0-0 Nc6 7. c3 cxd4 8. cxd4 Bb4 9. a3 Ba5 10. b4 Bb6 11. Bb2 Nge7 12. Nbd2 0-0 13. Rc1 a6 14. Nb3 Ng6 15. Qd2 Nh4 16. Nxh4 Qxh4 17. Nc5 Bxc5 18. Rxc5 f6 19. f4 fxe5 20. fxe5 Be4 21. Rcc1 Rac8 22. Bd3 Bxd3 23. Qxd3 Rxf1+ 24. Rxf1 Rf8 25. Rxf8+ Kxf8 26. h3 Qe1+ 27. Kh2 Qf2 28. Bc3 Kg8 29. Kh1 Qf4 30. Bb2 Qe4 31. Qxe4 dxe4 32. Kg1 Ne7 33. Kf2 Nd5 34. Bc1 Kf7 35. Bd2 Ke7 36. Ke2 Kd7 37. a4 Kc6 38. g3 1/2-1/2

[Event "HUN-chT2 Erkel 1011"]
[Site "Hungary"]
[Date "2010.09.12"]
[Round "1.11"]
[White "Lakat, Gyula"]
[Black "Zsipi, Alex Mark"]
[Result "1-0"]
[WhiteElo "1948"]
[BlackElo "1917"]
[PlyCount "59"]
[EventDate "2010.09.12"]
[EventType "team-tourn"]
[EventRounds "11"]
[EventCountry "HUN"]
[SourceTitle "EXT 2012"]
[Source "ChessBase"]
[SourceDate "2011.11.24"]
[SourceVersion "1"]
[SourceVersionDate "2011.11.24"]
[SourceQuality "1"]
[WhiteTeam "Honved"]
[BlackTeam "Barcza"]
[WhiteTeamCountry "HUN"]
[BlackTeamCountry "HUN"]

1. e4 c6 2. d4 d5 3. e5 Bf5 4. g4 Bd7 5. Bg2 e6 6. Ne2 c5 7. c3 Nc6 8. 0-0 Qb6 9. b3 cxd4 10. cxd4 Bb4 11. a3 Be7 12. Kh1 Rc8 13. Be3 Na5 14. Nd2 Bb5 15. Re1 Bxe2 16. Rxe2 Rc3 17. b4 Nc4 18. Nxc4 Rxc4 19. Qa4+ Kd8 20. Rd1 a6 21. Rc2 Rxc2 22. Qxc2 Bh4 23. Bf1 Ne7 24. a4 Kd7 25. b5 Rc8 26. Qxh7 g5 27. Qxf7 Qa5 28. bxa6 bxa6 29. Rb1 Rc7 30. Rb8 1-0

[Event "Budapest FS08 FM-B"]
[Site "Budapest"]
[Date "2010.08.12"]
[Round "6"]
[White "Tran, Minh Thang"]
[Black "Zsipi, Alex Mark"]
[Result "1-0"]
[WhiteElo "2032"]
[BlackElo "1964"]
[PlyCount "111"]
[EventDate "2010.08.07"]
[EventType "tourn"]
[EventRounds "11"]
[EventCountry "HUN"]
[SourceTitle "CBM 137 Extra"]
[Source "ChessBase"]
[SourceDate "2010.09.01"]
[SourceVersion "1"]
[SourceVersionDate "2010.09.01"]
[SourceQuality "1"]

1. d4 d5 2. Bf4 Bf5 3. e3 e6 4. Nd2 c6 5. c4 Bd6 6. Bg3 Nf6 7. Qb3 Bxg3 8. hxg3 Qb6 9. c5 Qxb3 10. axb3 a6 11. b4 Nbd7 12. b5 cxb5 13. Bxb5 0-0 14. Be2 e5 15. Ngf3 exd4 16. Nxd4 Be4 17. Nxe4 dxe4 18. c6 bxc6 19. Nxc6 Kh8 20. 0-0 Rfc8 21. Rfc1 a5 22. Bb5 g6 23. Rc4 Nb8 24. Rxa5 Nxc6 25. Ra6 Rxa6 26. Bxa6 Rc7 27. Bb5 Rb7 28. Rxc6 Rxb5 29. Rxf6 Kg7 30. Rf4 f5 31. g4 Kf6 32. gxf5 g5 33. Rxe4 Kxf5 34. Rc4 Rxb2 35. g4+ Kf6 36. Kg2 Rb6 37. Rc5 Re6 38. Rf5+ Kg6 39. Rf8 Kg7 40. Ra8 Re4 41. Kf3 Rb4 42. Ra6 Rb2 43. e4 Rb3+ 44. Ke2 Rb2+ 45. Ke3 Rb3+ 46. Kd4 Rb4+ 47. Ke5 Rb5+ 48. Kd6 Rb4 49. f3 Rb3 50. Ra5 Rd3+ 51. Rd5 Rxf3 52. Rxg5+ Kf6 53. Rf5+ Rxf5 54. gxf5 h5 55. e5+ Kxf5 56. e6 1-0

[Event "Budapest FS08 FM-B"]
[Site "Budapest"]
[Date "2010.08.09"]
[Round "3"]
[White "Zsipi, Alex Mark"]
[Black "Lakat, Gyula"]
[Result "1/2-1/2"]
[WhiteElo "1964"]
[BlackElo "1933"]
[PlyCount "89"]
[EventDate "2010.08.07"]
[EventType "tourn"]
[EventRounds "11"]
[EventCountry "HUN"]
[SourceTitle "CBM 137 Extra"]
[Source "ChessBase"]
[SourceDate "2010.09.01"]
[SourceVersion "1"]
[SourceVersionDate "2010.09.01"]
[SourceQuality "1"]

1. e4 d5 2. exd5 Nf6 3. Bb5+ Bd7 4. Be2 Nxd5 5. d4 g6 6. c4 Nf6 7. Nc3 Bg7 8. Nf3 0-0 9. 0-0 Bg4 10. h3 Bxf3 11. Bxf3 c6 12. Be3 Nbd7 13. Rc1 Qa5 14. a3 Rad8 15. Re1 Ne5 16. Qe2 Nxf3+ 17. Qxf3 Qf5 18. Qxf5 gxf5 19. Rcd1 b6 20. Bg5 Rd7 21. d5 cxd5 22. Bxf6 Bxf6 23. Nxd5 Kg7 24. Nxf6 Rxd1 25. Rxd1 Kxf6 26. Rd7 Rc8 27. Rxa7 Rxc4 28. Ra6 Rc1+ 29. Kh2 Rc6 30. a4 Re6 31. f4 Rd6 32. b4 Ke6 33. Kg3 Kd5 34. Kh4 Rh6+ 35. Kg5 Rg6+ 36. Kh5 Kc4 37. a5 bxa5 38. Rxa5 Rxg2 39. Rxf5 f6 40. Kh6 Kxb4 41. Kxh7 Kc4 42. h4 Kd4 43. Ra5 Rh2 44. h5 e5 45. Kg6 1/2-1/2